000 00604nam a22001937a 4500
999 _c16315
_d16315
003 AR-CdUCM
008 190503b ||||| |||| 00| 0 spa d
040 _aMUNICIPALIDAD PROVINCIAL DEL CUSCO
_cBIBLIOTECA MUNICIPAL DEL CUSCO
082 _a818.5 /
_bR27
100 _aRau, Margaret
_935691
245 _aY la luz vino de occidente /
260 _aBogota :
_bPlaza & Janes,
_c1966.
300 _a186 paginas ;
_bIlustraciones, graficos, dibujos,
_c18 cm.
500 _aHistoria y literatura
650 _aHistoria
_9136
650 _aLiteratura
_983
942 _2ddc
_cLIBROS
945 _apjha
_d2019-05-03